[Event "Hastings8081"]
[Site "Hastings"]
[Date "1980.??.??"]
[Round "14"]
[White "Brito, Luizmar J"]
[Black "Chandler, Murray G"]
[Result "0-1"]
[WhiteElo "2255"]
[BlackElo "2450"]

1.e4 d6 2.d4 Nf6 3.Nc3 g6 4.Be2 Bg7 5.h4 h5 6.Nh3 Nc6 7.Ng5 O-O 8.f3 e5 9.d5 Nd4
10.Be3 c6 11.dxc6 bxc6 12.Bd3 Rb8 13.b3 d5 14.Qd2 Qe7 15.Na4 Rd8 16.c3 Ne6
17.Nxe6 Bxe6 18.Qc2 dxe4 19.Bxe4 Nd5 20.Bc5 Qc7 21.O-O-O f5 22.Bd3 Qa5 23.b4 Bh6+
24.Kb2 Nf4 25.Ka1 Qc7 26.Ba6 Bg7 27.a3 Qf7 28.Kb2 Kh7 29.Rhe1 Nxg2 30.Qxg2 Bb3
31.Rd6 Bxa4 32.Kc1 Rxd6 33.Bxd6 Rd8  0-1

[Event "Hastings8081"]
[Site "Hastings"]
[Date "1980.??.??"]
[Round "14"]
[White "Liberzon, Vladimir M"]
[Black "Popovic, Petar"]
[Result "1/2-1/2"]
[WhiteElo "2545"]
[BlackElo "2490"]

1.e4 g6 2.d4 Bg7 3.Nf3 d6 4.Nc3 Nf6 5.Be2 O-O 6.O-O Nc6 7.d5 Nb8 8.Bg5 h6
9.Bf4 c6 10.Qd2 Kh7 11.h3 Qb6 12.Rab1 Nbd7 13.Rfe1 cxd5 14.exd5 a6 15.Bf1 Re8
16.Na4 Qc7 17.c4 b6 18.Rbc1 Nc5 19.Nc3 Bd7 20.b4 Nb7 21.Kh2 e5 22.dxe6 Bxe6
23.Nd4 Bd7 24.Nd5 Qd8 25.Rxe8 Bxe8 26.Be2 Nxd5 27.cxd5 a5 28.Nc6 Qf6  1/2-1/2

[Event "Hastings8081"]
[Site "Hastings"]
[Date "1980.??.??"]
[Round "14"]
[White "Peters, John A"]
[Black "Bellin, Robert"]
[Result "1-0"]
[WhiteElo "2465"]
[BlackElo "2440"]

1.e4 e5 2.Nf3 Nc6 3.Bb5 a6 4.Ba4 b5 5.Bb3 d6 6.c3 Na5 7.Bc2 c5 8.d4 Qc7 9.O-O Nf6
10.Nbd2 Be7 11.a4 b4 12.cxb4 cxb4 13.b3 Nd7 14.Bb2 Bf6 15.Re1 O-O 16.Nf1 exd4
17.Nxd4 Nc6 18.Ne3 Nxd4 19.Bxd4 Bb7 20.Rc1 Qd8 21.Nf5 Be5 22.Bxe5 dxe5 23.Qg4 g6
24.Red1 Bc8 25.Bb1 h5 26.Qg3 a5 27.h3 Kh7 28.Nd6 Qf6 29.Qd3 Ba6 30.Qd5 Be2
31.Rd2 Nb6 32.Qc6 Qg5 33.Rxe2 Rac8 34.Nxc8 Rxc8 35.Qxc8 Nxc8 36.Rxc8 h4 37.Bd3 Qf4
38.Re3 g5 39.Be2  1-0

[Event "Hastings8081"]
[Site "Hastings"]
[Date "1980.??.??"]
[Round "14"]
[White "Ftacnik, Lubomir"]
[Black "Pinter, Jozsef"]
[Result "1-0"]
[WhiteElo "2470"]
[BlackElo "2535"]

1.Nf3 Nf6 2.c4 e6 3.g3 a6 4.Nc3 c5 5.Bg2 Nc6 6.O-O Be7 7.d4 cxd4 8.Nxd4 Qc7
9.b3 O-O 10.Be3 d6 11.Rc1 Ng4 12.Nxc6 bxc6 13.Bd2 Rb8 14.c5 d5 15.e4 Nf6
16.exd5 Nxd5 17.Bxd5 cxd5 18.Bf4 Qa7 19.Bxb8 Qxb8 20.Na4 Qc7 21.Qd4 Bb7 22.c6 Bxc6
23.Qb6 Qxb6 24.Nxb6 Bb5 25.Rfd1 Ba3 26.Rc7 Rd8 27.Nc4 Bb4 28.a3 Bf8 29.a4 Be8
30.Na5 d4 31.Ra7 d3 32.Rxa6 f6 33.f3 e5 34.Nb7 Rd7 35.Ra8 Rxb7 36.Rxe8 Rxb3
37.Rd8 Ra3 38.R1xd3 Rxa4 39.R3d7 Rd4 40.Rxd4 exd4 41.Kf1 Kf7 42.Rxd4 f5 43.g4 fxg4
44.fxg4 Be7 45.Kg2 Bf6 46.Rd5 Kg6 47.Kg3 h6 48.h3 Bg5 49.Rd6+ Kh7 50.Kf3 Bf6
51.Re6 Bg5 52.Ke4 Bh4 53.Kf5 Bg5 54.Re2 Bh4 55.Ra2 Bg5 56.Rh2 Bh4 57.Rh1 Bd8
58.h4 g6+ 59.Ke6 Kg7 60.Rh3 Bf6 61.Rh2  1-0

[Event "Hastings8081"]
[Site "Hastings"]
[Date "1980.??.??"]
[Round "15"]
[White "Torre, Eugenio"]
[Black "Peters, John A"]
[Result "1-0"]
[WhiteElo "2520"]
[BlackElo "2465"]

1.d4 Nf6 2.c4 e6 3.Nc3 Bb4 4.e3 O-O 5.Ne2 d5 6.a3 Be7 7.cxd5 exd5 8.g3 Nbd7
9.Bg2 Nb6 10.O-O a5 11.a4 Re8 12.b3 Bf5 13.h3 h6 14.g4 Bh7 15.f4 Ne4 16.f5 Nxc3
17.Nxc3 c6 18.Ra2 Kh8 19.Re2 Bg8 20.Kh1 f6 21.Bf3 Bf7 22.Rg2 Kg8 23.h4 Nd7
24.Rfg1 Nf8 25.g5 fxg5 26.hxg5 Bxg5 27.e4 Nh7 28.e5 Bxc1 29.Rxg7+ Kh8 30.f6 Bg5
31.Rxf7 Rf8 32.Re7 Re8 33.Rf7 Rf8 34.Re7 Re8 35.Rxh7+ Kxh7 36.Qc2+ Kh8 37.Qh2 Be3
38.Nd1 Rg8 39.Nxe3 Rxg1+ 40.Qxg1 Qd7 41.e6 Qh7 42.e7 Rg8 43.Qxg8+ Qxg8 44.Bh5  1-0

[Event "Hastings8081"]
[Site "Hastings"]
[Date "1980.??.??"]
[Round "15"]
[White "Lein, Anatoly"]
[Black "Andersson, Ulf"]
[Result "1/2-1/2"]
[WhiteElo "2520"]
[BlackElo "2590"]

1.Nf3 Nf6 2.d4 e6 3.g3 b6 4.Bg2 Bb7 5.O-O c5 6.c4 cxd4 7.Qxd4 Be7 8.Nc3 O-O
9.b3 Nc6 10.Qd1 d6 11.Bb2 a6 12.Qd2 Ra7 13.Rfd1  1/2-1/2

[Event "Hastings8081"]
[Site "Hastings"]
[Date "1980.??.??"]
[Round "15"]
[White "Mestel, A Jonathan"]
[Black "Brito, Luizmar J"]
[Result "1-0"]
[WhiteElo "2485"]
[BlackElo "2255"]

1.e4 c5 2.Nf3 d6 3.d4 cxd4 4.Nxd4 Nf6 5.Nc3 a6 6.Be2 e5 7.Nb3 Be7 8.O-O Be6
9.f4 Qc7 10.a4 O-O 11.Be3 Nbd7 12.Kh1 Rfc8 13.a5 exf4 14.Rxf4 Ne5 15.Nd4 Re8
16.Qe1 d5 17.exd5 Nxd5 18.Nxe6 fxe6 19.Nxd5 exd5 20.Qd2 Qc6 21.Raf1 Rf8 22.Bd4 Ng6
23.R4f3 Nh4 24.Rxf8+ Rxf8 25.Rxf8+ Bxf8 26.Qg5 Ng6 27.c3 Qe6 28.Bf3 Ne7 29.Qe5 Qxe5
30.Bxe5 Kf7 31.Bd6 Ke6 32.Bc5 g6 33.Bg4+ Ke5 34.Kg1 Ke4 35.Kf2 Kd3 36.h4 Kc4
37.Ba3 Kb5 38.Bd7+ Kc4 39.Ke2 Kb3 40.Kd1 Kc4 41.Ke2 Kb3 42.g4 Kc4 43.g5 d4
44.cxd4 Kxd4 45.Kf2 Kd5 46.Ke3 Ke5 47.Kd3 Kd5 48.Bb4 Ke5 49.Bc5 Kf4 50.Bd6+ Kf3
51.b4 Kf2 52.Ke4 Kg2 53.Bg4 Kf2 54.Bf3  1-0

[Event "Hastings8081"]
[Site "Hastings"]
[Date "1980.??.??"]
[Round "15"]
[White "Chandler, Murray G"]
[Black "Ftacnik, Lubomir"]
[Result "1/2-1/2"]
[WhiteElo "2450"]
[BlackElo "2470"]

1.e4 c5 2.c3 Nf6 3.e5 Nd5 4.d4 cxd4 5.Nf3 d6 6.cxd4 Nc6 7.Bc4 Nb6 8.Bb5 dxe5
9.Nxe5 Bd7 10.Nc3 Nxe5 11.dxe5 Bxb5 12.Nxb5 Qxd1+ 13.Kxd1  1/2-1/2

[Event "Hastings8081"]
[Site "Hastings"]
[Date "1980.??.??"]
[Round "15"]
[White "Pinter, Jozsef"]
[Black "Liberzon, Vladimir M"]
[Result "1/2-1/2"]
[WhiteElo "2535"]
[BlackElo "2545"]

1.Nf3 Nf6 2.g3 g6 3.b3 Bg7 4.Bb2 d6 5.d4 c5 6.Bg2 cxd4 7.Nxd4 d5 8.Nf3 O-O
9.O-O Nc6 10.Nbd2 Qc7 11.c4 dxc4 12.Nxc4 Be6  1/2-1/2